=LDR 00000nam 2200000 4500 =001 INLIS000000000810017 =005 20250930012628 =035 ##$$a 0010-0925000142 =100 ##$$a Ado Vebriando =245 1#$$a Servis Radio Perekam Suara Televisi VCD =260 ##$$a Surabaya: :$b Bimantara Aluguda Sejahtera,$c 2009 =300 ##$$a 95 hlm ; $c 21 cm =990 ##$$a 2013.00317 =008 250930###########################0###### =020 ##$$a 978-602-96266-1-2 =084 ##$$a 629 ADO s =082 ##$$a 629 =007 ta